[Event "UGA-chT"]
[Site "Kampala"]
[Date "2018.06.22"]
[Round "5.2"]
[White "Yageen, Muizzuddin"]
[Black "Mubiru, Kizito"]
[Result "0-1"]
[WhiteElo "1626"]
[BlackElo "1834"]
[PlyCount "24"]
[EventDate "2018.05.24"]
[EventType "team-swiss"]
[EventRounds "14"]
[EventCountry "UGA"]
[SourceTitle "CBM 187 Extra"]
[Source "ChessBase"]
[SourceDate "2018.11.04"]
[SourceVersion "1"]
[SourceVersionDate "2018.11.04"]
[SourceQuality "1"]
[WhiteTeam "SOM Kawempe"]
[BlackTeam "Mengo CC"]
[WhiteTeamCountry "UGA"]
[BlackTeamCountry "UGA"]

1. d4 f5 2. Bf4 Nf6 3. Nf3 d5 4. Nc3 c6 5. a3 e6 6. e3 Bd6 7. Ne5 0-0 8. Qf3 Qc7 9. Bd3 Nfd7 10. 0-0 Nxe5 11. dxe5 Bxe5 12. Bxe5 Qxe5 0-1